Sitio arqueológico Zapote-2: Valle de Turrialba /
Este artículo es un resumen del informe presentado a la Comisión Arqueológica Nacional, según el avance de la investigación hasta abril de 1983. En el informe se comenta sobre los trabajos de campo y la calidad de la información recuperada en el sitio Zapote-2, sobre la situación actual del estudio...
Guardado en:
| Hovedforfatter: | |
|---|---|
| Format: | Texto |
| Fag: | |
| Tags: |
Tilføj Tag
Ingen Tags, Vær først til at tagge denne postø!
|
MARC
| LEADER | 00000 a a2200000 04500 | ||
|---|---|---|---|
| 001 | 14428 | ||
| 003 | |||
| 040 | |||
| 100 | |a Acuña Coto, Víctor Hugo | ||
| 245 | |a Sitio arqueológico Zapote-2: |b Valle de Turrialba / |c Víctor Hugo Acuña Coto | ||
| 520 | |a Este artículo es un resumen del informe presentado a la Comisión Arqueológica Nacional, según el avance de la investigación hasta abril de 1983. En el informe se comenta sobre los trabajos de campo y la calidad de la información recuperada en el sitio Zapote-2, sobre la situación actual del estudio y respecto al análisis de los materiales en el laboratorio. Además, se consideran una serie de problemas y objetivos de investigación que conciernen al sitio Zapote-2 y a la región de estudio, en general, los cuales podrían ser, en gran medida, resueltos mediante un adecuado examen de los materiales e interpretación de los datos obtenidos en el sitio. En su orden, se analizan las siguientes cuestiones: el trabajo de campo, los análisis de laboratorio y algunos de los resultados. REV//jmml | ||
| 650 | |a TURRIALBA, CCA | ||
| 650 | |a ARQUEOLOGIA | ||
| 650 | |a INVESTIGACION DE CAMPO | ||
| 650 | |a LABORATORIOS | ||
| 650 | |a RESULTADOS DE INVESTIGACION | ||
| 650 | |a PUB.IIS | ||
| 773 | |g ESPECIAL, número 1; páginas 95-100 | ||
| 999 | |c 23160 |d 23160 | ||
| 773 | 0 | |0 18728 |9 4448 |a Universidad de Costa Rica. |d San José, Costa Rica Editorial UCR 1959- |o 16792 |t Revista de Ciencias Sociales/ |x 04825276 | |
